| 000 | 00591nam a22001817a 4500 | ||
|---|---|---|---|
| 005 | 20251108165947.0 | ||
| 008 | 250721s1993 xx 000 0 ara d | ||
| 082 | 1 | 4 | _aق/مار |
| 100 | 1 | _aماركيز، غابرييل غارسيا | |
| 245 | 1 | 0 | _aإثنتا عشرة قصة قصيرة مهاجرة / |
| 264 | 1 |
_aدمشق : _bالأهالي للطباعه و النشر و التوزيع، _c1993. |
|
| 300 | _a192ص | ||
| 650 | 1 | 7 | _aالأدب العربي |
| 650 | 1 | 7 | _aالأدب القصصي |
| 700 | 1 |
_aعلماني، صالح _eترجمة |
|
| 942 |
_2ddc _cBK |
||
| 999 |
_c35940 _d35940 |
||